[Event "87th Tata Steel Challengers 2025"]
[Site "Wijk aan Zee"]
[Date "2025.01.18"]
[Round "1.1"]
[White "Deshmukh, Divya"]
[Black "Yakubboev, Nodirbek"]
[Result "0-1"]
[WhiteElo "2490"]
[BlackElo "2659"]
[Annotator "Chessbase - Stockfish 17"]
[PlyCount "96"]
[EventDate "2025.??.??"]

{[%evp 13,96,19,16,25,15,-2,27,6,0,16,10,-13,-10,-11,-4,-31,-13,-23,-16,-22,-23,-24,-22,-44,-45,-45,-39,-46,-49,-72,-54,-59,-39,-45,-43,-68,-51,-80,-68,-104,-90,-161,-162,-162,-126,-127,0,-147,-135,-177,-137,-181,-173,-173,-125,-272,-298,-310,-308,-319,-288,-318,-316,-292,-269,-258,-264,-252,-223,-217,-238,-224,-225,-220,-222,-447,-451,-447,-441,-602,-584,-1234,-1183,-29993,-29994]} 1. e4 c5 2. Nf3 d6 3. d4 cxd4 4. Nxd4 Nf6 5. f3 e5 6. Nb3 Be7 7. c4 a5 8. Be3 {B55: Sicilian: 2...d6 3 d4 cxd4 4 Nxd4 Nf6 5 f3.} O-O ({RR} 8... a4 9. N3d2 Qa5 10. Qc2 Nc6 11. Qc3 Bd8 12. Be2 O-O 13. Kf2 Nd4 14. Rc1 Qa7 15. Na3 Bb6 16. Nb5 Nxb5 17. cxb5 d5 18. Bxb6 Qxb6+ 19. Qc5 Qa5 20. b4 Qd8 21. Qc7 dxe4 22. Qxd8 e3+ 23. Kxe3 {Ivanchuk,V (2787)-Gelfand,B (2736) Moscow 2007 0-1 (48)}) 9. Be2 Nc6 10. O-O {White has an edge.} Nh5 $146 ({RR} 10... Nd7 11. Nc3 a4 12. Nc1 Nc5 13. Rb1 Bg5 14. Bf2 Be6 15. Nb5 b6 16. b4 axb3 17. axb3 Nb4 18. Be1 Be3+ 19. Kh1 Nca6 20. Nd3 Nc6 21. Nb2 Nc7 22. Qd3 Bg5 23. Nxd6 g6 24. b4 Na6 25. Nb5 {Gvetadze,S (2308)-Sprenger,J (2513) Batumi 2018 1-0 (54)}) ({RR} 10... a4 11. N3d2 Nh5 12. g3 Bh3 13. Re1 f5 14. exf5 Bxf5 15. Nc3 a3 16. b3 Nf6 17. Nde4 Nxe4 18. fxe4 Bg5 19. Qd2 Bxe3+ 20. Qxe3 Bh3 21. Bf1 Bg4 22. Be2 Bxe2 23. Rxe2 Qa5 24. Nb5 Rf6 25. Rf1 {Kazantzoglou,S (2222)-Barski,R (2410) Paleochora GRE 2024 1-0 (31)}) ({RR} 10... a4 11. N3d2 Qa5 12. a3 Nd4 13. Nc3 Bd8 14. Kh1 Bb6 15. Bg5 Kh8 16. Bd3 Nh5 17. Nd5 Ne6 18. Be7 Re8 19. g3 Nc5 20. Qc2 Bh3 21. Rfd1 Bd8 22. Bxd6 Ra6 23. Bxc5 Qxc5 24. b4 axb3 25. Nxb3 {Somlai,L (2361)-Czebe,A (2497) Hungary 2006 1-0 (34)}) 11. Qd2 Nf4 12. Bxf4 $146 (12. a4 Ne6 13. Rd1 Bg5 14. Bxg5 Nxg5 15. Ra3 Qb6+ 16. Kh1 Ne6 17. Nc3 Ncd4 18. Nxd4 Qxd4 {1-0 Solozhenkin,E (2454)-Hacker,J (2275) Pardubice Czech op-A 27th 2016 (4)}) 12... exf4 13. Nc3 {[%cal Ya1d1]} Bf6 14. Rad1 Be6 15. Nb5 (15. Qxf4 $2 a4 16. Qe3 (16. Rxd6 $2 Qb8 $19) 16... axb3 17. axb3 Ra1 $19) (15. Qxd6 a4 16. Qxf4 Qb6+ 17. c5 Qb4 $19) 15... Be5 16. N3d4 Nxd4 17. Nxd4 a4 18. Qb4 Qc7 19. Rd2 Qc5 20. Qxc5 dxc5 21. Nb5 g6 22. Rfd1 Ra6 23. Kf2 Kg7 24. Rg1 Kf6 25. g4 Raa8 26. h3 h5 27. Rc1 (27. g5+ $17 Ke7 28. h4) 27... Rh8 $19 28. Bf1 Rad8 29. Rcd1 Ra8 {Black is more active.} 30. Rc1 $1 hxg4 31. fxg4 Kg5 32. Rcc2 Rad8 33. Kf3 Rd7 (33... Kf6 $19 34. a3 Ra8) 34. Nc3 {Loses the game.} (34. Rxd7 $17 {is a better defense.} Bxd7 35. Rd2) 34... Rxd2 35. Rxd2 {[#]} a3 {[%mdl 512]} 36. Nd1 {[%cal Yc3d1,Yd1b2,Yb2d3][%mdl 32]} (36. Na4 Bxc4) 36... axb2 37. Nxb2 Ra8 38. a4 Bd4 39. Be2 Ra6 40. Bd1 Rb6 41. Nd3 Bxc4 {[#] ...Be3 is the strong threat.} 42. Nxf4 Kh4 43. Nd5 {Against Rf6+} Rb1 {[%cal Yc4b3]} 44. Kg2 $2 (44. Ne3 Bb3 45. Rd3 Bxd1+ 46. Nxd1) 44... Ra1 45. Nb6 Ba6 {This pair of bishops is nice.} 46. g5 Be3 47. Rd8 Bd4 {(  ...Ra2+) Prevents Rh8+.} ({Not} 47... Bxg5 48. Rh8+ $14) 48. Bg4 Ra2+ {Weighted Error Value: White=0.49/Black=0.12 (very precise) Mistake: 	White=3 	Black=1 Inaccurate: 	White=8 	Black=1 OK: 	White=12 	Black=19 Best: 	White=1 	--- Strong: 	White=1 	---} 0-1

[Event "87th Tata Steel Challengers 2025"]
[Site "Wijk aan Zee"]
[Date "2025.01.18"]
[Round "1.2"]
[White "Nguyen, Thai Dai Van"]
[Black "Pijpers, Arthur"]
[Result "1-0"]
[WhiteElo "2668"]
[BlackElo "2474"]
[Annotator "Chessbase - Stockfish 17"]
[PlyCount "75"]
[EventDate "2025.??.??"]

{[%evp 9,75,21,30,18,16,14,12,16,28,18,22,8,18,24,22,8,9,0,33,37,36,37,47,16,26,23,15,15,37,55,84,89,84,90,77,50,114,109,148,150,199,181,189,189,225,215,422,436,497,504,483,466,562,548,564,575,630,592,631,638,631,634,638,616,589,570,564,554]} 1. d4 Nf6 2. Nf3 g6 3. g3 Bg7 4. Bg2 c5 5. dxc5 Qa5+ 6. c3 ({RR} 6. Nfd2 Qxc5 7. Nb3 Qc7 8. Nc3 d6 9. O-O Nc6 10. e4 Bg4 11. Qe1 Qc8 12. Bg5 h6 13. Be3 Bh3 14. Bxh3 Qxh3 15. f3 O-O 16. Nd5 Rfc8 17. c3 Nxd5 18. exd5 Ne5 19. Qe2 Nc4 20. Bd4 Qf5 {Harikrishna,P (2717)-Jones,G (2626) Muelheim GER 2022 0-1 (80)}) 6... Qxc5 7. Nd4 $146 ({RR} 7. O-O O-O 8. Be3 Qc7 9. Na3 a6 10. Qb3 d5 11. c4 dxc4 12. Nxc4 Be6 13. Nfd2 Nd5 14. Bb6 Qc8 15. Rac1 Nc6 16. Qa3 Qe8 17. Rfd1 Rc8 18. Nb3 Nxb6 19. Nxb6 Rd8 20. e3 Rxd1+ 21. Rxd1 Bxb3 {Jovanic,O (2333)-Cohrs,J (2209) Zadar 1999 1-0 (41)}) ({RR} 7. O-O O-O 8. Nbd2 Qc7 9. Nb3 Nc6 10. Bf4 e5 11. Bg5 d6 12. Qc1 Re8 13. Rd1 Be6 14. Bh6 Bh8 15. Ng5 Bc4 16. Nd2 Bxe2 17. Re1 Ba6 18. Nde4 Ng4 19. Nf3 f5 20. Nfg5 Nxh6 21. Nd2 Bf6 {Yelisieiev,Y (2407)-Sychev,K (2537) chess.com INT 2024 0-1 (65)}) ({RR} 7. O-O O-O 8. Nbd2 d6 9. Nb3 Qh5 10. Bg5 Bh3 11. Bxf6 Bxf6 12. Bxh3 Qxh3 13. Na5 Nd7 14. Rb1 Rac8 15. Nxb7 Rc7 16. Na5 Rc5 17. Nb3 Rh5 18. Nbd2 Ne5 19. Qa4 Ng4 20. Rfe1 Nxh2 21. Qe4 Ng4 {Csurgo,J (1750)-Bartuszek,A (1887) Budapest 2012 0-1}) 7... O-O 8. e4 Nc6 9. O-O d6 10. h3 Bd7 11. Be3 {[%cal Yd4e6] Black should prevent Ne6!.} Qa5 12. Na3 Rac8 13. Qe2 Qa6 14. Qxa6 bxa6 15. Rfd1 Rc7 16. Ne2 Rb8 17. Rab1 a5 18. b3 Nd8 19. c4 Bc6 20. Nc3 Rcb7 21. Nab5 {[%cal Ya3b5,Yb5a7,Ya7c6][%mdl 32]} Nd7 22. Nd5 {White has more active pieces.} (22. Bxa7 Rxa7 23. Nxa7 Bxc3 24. Nxc6 Nxc6 $17) (22. Rbc1 {feels hotter.} Nc5 23. e5 Bxg2 24. exd6 Bf3 25. dxe7 Nde6 26. Rd8+) 22... Bxd5 ({Black should play} 22... Nc5 $14) 23. exd5 $16 (23. Rxd5 $6 a6 24. Na3 Nc6 $14 (24... a4 25. c5 $11)) 23... a6 24. Na7 Ne5 ({Reject} 24... Ra8 25. Nc6 $18) (24... Nb6 $16 {was worth a try.}) 25. Rbc1 $18 a4 26. bxa4 {[%cal Yb3a4,Ya4a5][%mdl 32]} Rc7 {[#]} 27. a5 $1 Rxc4 $2 (27... Ra8 28. c5 Rcxa7 (28... Raxa7 $2 {is the wrong capture.} 29. c6 $18)) 28. Nc6 Ndxc6 29. dxc6 Rc8 30. Bb6 {aiming for c7. This pair of bishops is nice.} e6 31. c7 d5 {[%cal Yd6d5,Yd5c4][%mdl 32]} 32. Bf1 Rxc1 33. Rxc1 Nc4 34. Bxc4 dxc4 35. Rd1 {Rd8+ would kill now.} Bf6 36. Rd8+ Bxd8 37. cxd8=Q+ Rxd8 38. Bxd8 1-0

[Event "87th Tata Steel Challengers 2025"]
[Site "Wijk aan Zee"]
[Date "2025.01.18"]
[Round "1.3"]
[White "Suleymanli, Aydin"]
[Black "Bok, Benjamin"]
[Result "1/2-1/2"]
[WhiteElo "2623"]
[BlackElo "2583"]
[Annotator "Chessbase - Stockfish 17"]
[PlyCount "60"]
[EventDate "2025.??.??"]

{[%evp 10,60,32,10,10,7,17,0,0,0,0,-7,0,-12,-13,-11,-12,-14,0,0,-12,-9,0,-10,0,0,18,0,0,0,0,0,0,-16,47,0,0,0,0,0,0,0,7,0,0,0,0,0,0,0,0,0,0]} 1. e4 e5 2. Nf3 Nc6 3. Bc4 Bc5 4. c3 Nf6 5. d3 d6 6. O-O a5 7. h3 Ba7 ({RR} 7... O-O 8. Bb3 h6 9. Re1 Re8 10. Nbd2 Be6 11. Ba4 Qb8 12. Bxc6 bxc6 13. Nf1 Bb6 14. Ng3 a4 15. d4 Qa7 16. Be3 Qa5 17. Qc1 Kh7 18. Nh4 Ng8 19. Nhf5 c5 20. dxe5 Bxf5 21. Nxf5 dxe5 22. c4 {Firouzja,A (2751)-Giri,A (2746) Saint Louis USA 2024 1-0 (58)}) ({RR} 7... h6 8. Re1 O-O 9. Nbd2 Be6 10. Bb5 Nd7 11. Nf1 f5 12. exf5 Bxf5 13. d4 exd4 14. cxd4 Bb6 15. Ng3 Bh7 16. a3 Nf6 17. Be3 Ne7 18. Bc4+ Kh8 19. Be6 Bg8 20. Bxg8 Kxg8 21. Nh4 Qd7 22. Qd3 {Suleymanli,A (2637)-Radjabov,T (2700) Vrnjacka Banja SRB 2024 ½-½ (47)}) 8. Be3 $146 ({RR} 8. Re1 h6 9. Nbd2 g5 10. Nh2 g4 11. hxg4 Rg8 12. Ndf1 Bxg4 13. Nxg4 Nxg4 14. Be3 Bxe3 15. Nxe3 Qh4 16. Nxg4 Rxg4 17. Qf3 Rf4 18. Qg3 Qxg3 19. fxg3 Rg4 20. Rf1 Rg7 21. Rf6 Ke7 22. Raf1 Rf8 {Sonis,F (2564)-Thorfinnsson,B (2353) chess.com INT 2023 0-1 (50)}) ({RR} 8. a4 Ne7 9. Na3 c6 10. Nc2 O-O 11. Be3 Ng6 12. Re1 Bb8 13. d4 Nxe4 14. dxe5 d5 15. Bd3 Qe7 16. Ncd4 Nxe5 17. Bxe4 dxe4 18. Ng5 Nc4 19. Bc1 Qc7 20. Nxe4 Qh2+ 21. Kf1 Qh1+ 22. Ke2 Qxg2 {Kharmunova,N (2022)-Brzezina,P (2307) chess.com INT 2024 0-1 (33)}) ({RR} 8. Na3 h6 9. Re1 O-O 10. Nb5 Bb6 11. d4 exd4 12. Nbxd4 Ne5 13. Bf1 Bd7 14. Nh4 Re8 15. Ndf5 Ng6 16. Nxg6 fxg6 17. Ng3 Bc6 18. Be3 Bxe3 19. Rxe3 Kh7 20. Qc2 a4 21. Bd3 Nd7 22. f4 Nc5 {Jakubowski,K (2471)-Goswami,V (2034) chess.com INT 2023 1-0 (50)}) 8... Bxe3 9. fxe3 O-O 10. Nbd2 Ne7 11. d4 Ng6 12. a4 b6 13. Qc2 Bb7 14. Rae1 Qe7 15. Bd3 h6 16. Rf2 Rfe8 17. Bb5 Rec8 18. Bc4 Re8 19. Bb5 Rec8 20. Bc4 Re8 21. Nh2 {And now Ng4 would win.} Nf8 (21... exd4 $11 22. cxd4 Bxe4 (22... Nxe4 $2 {loses.} 23. Rxf7 Qxf7 24. Bxf7+ Kxf7 25. Qxc7+ Re7 26. Qc4+ d5 27. Qf1+ Kg8 28. Nxe4 $18) 23. Nxe4 Qxe4) 22. Ng4 (22. Rxf6 $14 gxf6 (22... Qxf6 23. Rf1 $14) 23. Rf1) 22... N8h7 $11 23. Ref1 Bc8 24. Nxf6+ Nxf6 25. Qd1 Be6 26. Bb5 Rf8 27. d5 Bd7 28. Rxf6 Bxb5 29. axb5 gxf6 30. Qg4+ Kh7 1/2-1/2

[Event "87th Tata Steel Challengers 2025"]
[Site "Wijk aan Zee"]
[Date "2025.01.18"]
[Round "1.4"]
[White "Gurel, Ediz"]
[Black "Bulmaga, Irina"]
[Result "1-0"]
[WhiteElo "2624"]
[BlackElo "2386"]
[Annotator "Chessbase - Stockfish 17"]
[PlyCount "65"]
[EventDate "2025.??.??"]

{[%evp 11,65,22,20,18,29,0,0,0,0,0,0,0,0,-10,0,0,0,-30,-22,-25,-43,-36,-33,-31,-29,-46,-38,-62,-58,-57,10,8,20,7,8,4,25,-22,-25,-21,-30,-29,-22,-26,-33,-39,-35,-42,85,79,81,86,77,0,939,905]} 1. c4 e6 2. Nc3 d5 3. d4 Nf6 4. Nf3 Be7 5. Bf4 O-O 6. e3 Nbd7 7. c5 Ne4 8. h4 ({RR} 8. Be2 c6 9. Qc2 f5 10. Ne5 Bf6 11. Nxd7 Bxd7 12. f3 Ng5 13. Bd3 Nf7 14. O-O g6 15. Rad1 e5 16. dxe5 Nxe5 17. e4 fxe4 18. fxe4 Qe7 19. exd5 Qxc5+ 20. Kh1 cxd5 21. Nxd5 Qxd5 22. Bxe5 Rac8 {Nakamura,H (2787)-Caruana,F (2804) Paris 2016 ½-½ (56)}) 8... f5 9. Nxe4 $146 ({RR} 9. Be2 c6 10. Qc2 Qe8 11. Ne5 Bf6 12. Nxd7 Bxd7 13. f3 Nxc3 14. Qxc3 Rf7 15. Bd6 Qd8 16. h5 b6 17. f4 Be8 18. g4 Rd7 19. g5 Be7 20. Bxe7 Rxe7 21. Ba6 Rb8 22. b4 Rc7 23. h6 g6 {Swiercz,D (2647)-Bruzon Batista,L (2645) Saint Louis 2021 1-0 (42)}) ({RR} 9. Bd3 c6 10. g4 b6 11. gxf5 exf5 12. cxb6 axb6 13. Rc1 Bb4 14. Qb3 Qe7 15. Bg5 Qd6 16. Bf4 Qe7 17. Bg5 Qd6 18. Bf4 Qe7 {½-½ (18) Zaja,I (2424)-Zufic,M (2345) Veli Losinj CRO 2023}) ({RR} 9. Be2 c6 10. Qc2 Qe8 11. Ne5 Bf6 12. Nxd7 Bxd7 13. f3 Nxc3 14. Qxc3 Rf7 15. Bd6 Qd8 16. h5 b6 17. f4 Be8 18. g4 Rd7 19. g5 Be7 20. Bxe7 Rxe7 21. Ba6 Rb8 22. b4 Rc7 23. h6 g6 {Swiercz,D (2647)-Bruzon Batista,L (2645) Saint Louis 2021 1-0 (42)}) 9... fxe4 10. Ng5 Nf6 $1 11. g3 a5 12. Be2 h6 13. Nh3 Nd7 {[%cal Ye6e5]} 14. Rc1 {[#]} e5 $1 15. Bxe5 Nxe5 16. dxe5 Bxh3 $1 17. Rxh3 Qd7 18. Bg4 Qc6 {[%mdl 1024] Black has compensation.} 19. Qc2 Rad8 20. Kf1 d4 {Dodges Qc3} (20... Kh8 $15 21. Qc3 Qg6) 21. Qc4+ $11 Kh8 22. exd4 Rd5 23. Rd1 Rfd8 {[%cal Re7c5]} (23... Bxc5 {is interesting.} 24. dxc5 Rxd1+ 25. Bxd1 Qd7) 24. Ke1 (24. Rh1 $142 Bxc5 25. Kg2 Rxd4 26. Rxd4 Rxd4 27. Qf7) 24... Qg6 25. Be2 $1 Qe6 26. g4 {[%cal Yg3g4,Yg4g5][%mdl 32] [#]} Bxc5 $1 {...b5 is the strong threat.} 27. Re3 {[%cal Yh3e3,Ye3e4,Ye4d4][%mdl 32]} b5 $1 28. Qc2 Bxd4 29. Rxe4 Qf7 (29... c5 $15 30. f4 (30. Bxb5 $2 Bc3+ 31. Qxc3 Rxd1+ 32. Ke2 Qxa2 $19) 30... h5) 30. f4 $16 Qe7 31. g5 Qe6 {[#]} 32. Rd3 {Prevents Qh3.} (32. Qxc7 $2 Bb6 (32... Qh3 33. Rexd4 Qxh4+ 34. Kf1 $11) 33. Qc3 Rxd1+ 34. Bxd1 Rxd1+ 35. Kxd1 Qd5+ (35... Qxa2 $2 {loses.} 36. Kc2 $18) 36. Qd2 Qxe4 37. gxh6 gxh6 $19) (32. Qb3 $1 $16 a4 33. Qf3) 32... Qf5 $2 {[%mdl 8192] [#]} (32... Ba7 $11) 33. Rexd4 $1 {[%mdl 512]} 1-0

[Event "87th Tata Steel Challengers 2025"]
[Site "Wijk aan Zee"]
[Date "2025.01.18"]
[Round "1.5"]
[White "L'Ami, Erwin"]
[Black "Svane, Frederik"]
[Result "1/2-1/2"]
[WhiteElo "2614"]
[BlackElo "2664"]
[Annotator "Chessbase - Stockfish 17"]
[PlyCount "118"]
[EventDate "2025.??.??"]

{[%evp 27,118,0,20,15,19,15,21,0,40,43,51,42,46,56,43,39,63,46,56,57,55,49,47,13,23,38,26,37,45,52,53,48,43,45,41,24,26,25,64,21,14,14,16,16,18,16,18,20,20,19,31,18,18,17,17,12,12,12,12,12,12,12,31,12,16,16,17,12,12,8,8,8,8,8,8,8,8,8,8,8,8,8,8,8,8,8,8,8,8,8,8,8,8]} 1. e4 c5 2. Nf3 d6 3. d4 cxd4 4. Nxd4 Nf6 5. Nc3 a6 6. Be3 e5 7. Nb3 Be6 8. Be2 Be7 9. f4 exf4 10. Bxf4 Nc6 11. Qd2 d5 12. exd5 Nxd5 13. Nxd5 Qxd5 14. O-O-O Qxd2+ 15. Rxd2 h5 $146 ({RR} 15... Rc8 16. Bf3 O-O 17. Rhd1 Bf5 18. a3 Rfe8 19. Re2 g5 20. Bxc6 bxc6 21. Re5 Bg4 22. Rde1 gxf4 23. Rxe7 Rxe7 24. Rxe7 Rd8 25. Re1 Rd5 26. Nd2 Rh5 27. h3 Be6 28. Ne4 Kg7 29. Rf1 Rh4 30. Nc5 {Huzman,A (2475)-Foygel,I (2370) Kherson 1989 ½-½ (39)}) ({RR} 15... O-O 16. Rhd1 Rac8 17. Bf3 b5 18. Kb1 Rfe8 19. Bxc6 Rxc6 20. Nd4 Rb6 21. Bc7 Rb7 22. Nxe6 fxe6 23. Rd7 e5 24. c3 e4 25. Kc2 Bg5 26. Bg3 Rxd7 27. Rxd7 Rd8 28. Rxd8+ Bxd8 29. c4 bxc4 30. Kc3 {Dominguez Perez,L (2741)-Giri,A (2733) New York USA 2024 ½-½ (44)}) ({RR} 15... O-O 16. Bf3 Rfd8 17. Rhd1 Rxd2 18. Rxd2 Rd8 19. Rxd8+ Nxd8 20. Bc7 Nc6 21. Na5 Bg5+ 22. Kb1 Nd4 23. Be4 b5 24. Bb6 Bf5 25. Bxf5 Nxf5 26. Nc6 Nh4 27. Nb4 Nxg2 28. Nxa6 Bf4 29. Bc7 g5 30. b4 {Psakhis,L (2575)-Gelfand,B (2510) Sverdlovsk 1987 ½-½ (40)}) ({RR} 15... O-O 16. Bf3 Rfd8 17. Rhd1 Rxd2 18. Rxd2 Rd8 19. Rxd8+ Nxd8 20. Bc7 Bc8 21. Na5 b5 22. Bb6 Kf8 23. Kd2 Ne6 24. a3 Bd6 25. h3 f5 26. b4 Bf4+ 27. Kd3 Bc1 28. c3 g5 29. Nb3 Bf4 30. c4 {Tseshkovsky,V (2485)-Pigusov,E (2525) Sverdlovsk 1987 ½-½ (38)}) 16. Rhd1 Rc8 17. Bf3 g5 18. Bd6 g4 ({Much weaker is} 18... Bxb3 $6 19. axb3 Bxd6 20. Rxd6 $16) 19. Bxc6+ Rxc6 20. Bxe7 Kxe7 21. Nd4 Rc7 22. b3 Rg8 23. Re1 Rc5 24. Rde2 Rg6 25. Re5 Rxe5 26. Rxe5 h4 27. Rh5 g3 28. Rxh4 gxh2 29. Rxh2 Kd6 30. Kd2 Bd5 31. Nf3 Kc5 32. c3 a5 33. Ke3 b5 34. Kf2 b4 35. cxb4+ axb4 36. Rh1 Ra6 37. Rc1+ Kd6 38. Rc2 Be4 39. Rd2+ Kc5 $1 40. Ke3 Bb1 41. Rb2 Re6+ 42. Kf2 Bg6 43. g4 f6 44. Kg3 Ra6 45. Kf4 Re6 46. Rd2 Re4+ 47. Kg3 Re3 48. Rd8 Be4 49. Kf4 Rd3 $1 50. Rxd3 Bxd3 51. Ke3 Bb1 52. Nd2 Bxa2 53. Ke4 Kd6 54. Kd4 Ke6 55. Kc4 Ke5 56. Kxb4 Kf4 57. Ka3 Bxb3 $1 58. Kxb3 f5 59. gxf5 Kxf5 1/2-1/2

[Event "87th Tata Steel Challengers 2025"]
[Site "Wijk aan Zee"]
[Date "2025.01.18"]
[Round "1.6"]
[White "Oro, Faustino"]
[Black "Vaishali, Rameshbabu"]
[Result "0-1"]
[WhiteElo "2447"]
[BlackElo "2476"]
[Annotator "Chessbase - Stockfish 17"]
[PlyCount "86"]
[EventDate "2025.??.??"]

{[%evp 15,86,-32,-10,-14,-23,-19,0,0,0,0,0,10,1,0,-18,-22,60,56,60,0,9,-40,-20,-62,-14,-139,-151,-172,-168,-157,-131,-133,-126,-260,-233,-306,-286,-214,0,0,0,-199,-172,-187,0,-22,47,-79,-20,-16,-25,-26,-29,-59,-82,-358,-4,-3,-7,-423,-433,-907,-902,-875,-763,-5385,-5227,-29964,-29944,-29989,-29990,-29993,-29992]} 1. Nf3 d5 2. g3 g6 3. Bg2 Bg7 4. d4 Nf6 5. O-O O-O 6. c4 c6 7. Nc3 dxc4 8. e4 b5 {[%cal Yb7b5,Yb5b4][%mdl 32]} 9. Qe2 a5 10. Rd1 Nbd7 11. d5 cxd5 12. e5 b4 $1 13. exf6 Nxf6 14. Nb5 Bd7 ({RR} 14... e6 15. a4 Ba6 16. Nfd4 Bxb5 17. axb5 Re8 18. b3 cxb3 19. Ra4 Nd7 20. Nxb3 Nb6 21. Rxa5 Rxa5 22. Nxa5 Na4 23. Nc6 Nc3 24. Qd3 Qb6 25. Re1 Qxb5 26. Qxb5 Nxb5 27. Bxd5 Bc3 28. Re2 Kg7 29. Bc4 {Carlsen,M (2859)-Mamedyarov,S (2741) chess24.com INT 2022 1-0 (35)}) 15. Nbd4 $146 ({RR} 15. a4 Bxb5 16. axb5 e6 17. Nd4 a4 18. Nc6 Qb6 19. Nxb4 Qxb5 20. Bd2 Nd7 21. Bc3 Nc5 22. h4 Nb3 23. Bxg7 Kxg7 24. Qe5+ f6 25. Qxe6 Qxb4 26. Rxd5 Ra7 27. Rad1 Re7 28. Rd7 Rff7 29. Rxe7 Rxe7 {Carlsen,M (2830)-Firouzja,A (2760) chess.com INT 2024 0-1 (42)}) ({RR} 15. a4 Bxb5 16. axb5 e6 17. Nd4 a4 18. Nc6 Qb6 19. Nxb4 Qxb5 20. Bd2 Nd7 21. Bc3 Nc5 22. h4 Nb3 23. Bxg7 Kxg7 24. Qe5+ f6 25. Qxe6 Qxb4 26. Rxd5 Ra7 27. Rad1 Re7 28. Rd7 Rff7 29. Rxe7 Rxe7 {Carlsen,M (2830)-Firouzja,A (2760) chess.com INT 2024 0-1 (42)}) ({RR} 15. a4 Bxb5 16. axb5 e6 17. Nd4 a4 18. Nc6 Qb6 19. Nxb4 Qxb5 20. Bd2 Nd7 21. Bc3 Nc5 22. h4 Nb3 23. Bxg7 Kxg7 24. Qe5+ f6 25. Qxe6 Qxb4 26. Rxd5 Ra7 27. Rad1 Re7 28. Rd7 Rff7 29. Rxe7 Rxe7 {Carlsen,M (2830)-Firouzja,A (2760) chess.com INT 2024 0-1 (42)}) 15... Rc8 (15... Ne4 $11) 16. Ne5 $14 e6 17. Bh3 (17. Be3 $14) 17... Re8 $11 18. Qf3 (18. f3 $11) 18... c3 (18... Qc7 {simplifies} 19. Nxd7 Nxd7 20. Qe2 Rb8) 19. bxc3 Rxc3 (19... Ba4 $15 {should be considered.} 20. Re1 Qc7) 20. Be3 (20. Rd3 $11 {keeps the balance.}) 20... Ba4 $1 $17 {[%cal Yd8c7]} 21. Rdc1 Qc7 $1 22. Ng4 Nxg4 $1 23. Qxg4 h5 {Black is much more active.} 24. Qg5 (24. Qh4 $17 {was the only defense.}) 24... e5 $19 25. Nb3 d4 26. Bd2 Rc2 $2 (26... Bc6 $1 $19 {[%cal Yc7d6]} 27. Rab1 a4) 27. Bf1 $1 $11 e4 {[%cal Ye4e3]} 28. Bb5 $2 (28. Qxa5 $2 Qxa5 29. Nxa5 Rxd2 $19) (28. Bf4 $11 Qc8 29. Qxa5 Bxb3 30. axb3) 28... Bxb5 $19 29. Qxb5 Rf8 $2 (29... Re5 $1 $19 {[%cal Re5b5]} 30. Qa6 (30. Rxc2 Qxc2 31. Qb6 e3 $19) 30... e3) 30. Rab1 (30. Nxa5 $2 e3 31. Qa4 (31. Rxc2 $2 Qxc2 32. Bxe3 dxe3 $19) 31... d3 (31... exd2 $2 32. Rxc2 Qe5 33. Rxd2 $18) 32. Bxe3 Bxa1 33. Rxa1 Ra8 $19) 30... Kh7 (30... h4 $11) 31. Qd5 {[#]} (31. Nxa5 e3 32. fxe3 dxe3 (32... d3 33. Nb3 $16) 33. Bxe3 (33. Qxb4 $2 exd2 34. Rd1 Re8 $19) 33... Bd4 $17) (31. Bf4 $14 {keeps the upper hand.} Qc3 32. Qxa5 (32. Nxa5 e3 $17)) 31... e3 $1 32. fxe3 $11 Rd8 33. Qe4 $1 (33. Rxc2 $2 Qxc2 34. Qxd8 Qxb1+ 35. Kg2 Qc2 (35... Qxa2 $2 36. Qxa5 Qxb3 37. Qxb4 $19) (35... dxe3 $2 36. Bxe3 Qxa2+ 37. Nd2 $19) 36. Qxa5 (36. Nxd4 $2 Qxd2+ 37. Kf3 Qxa2 $19) (36. exd4 $2 a4 $19) 36... dxe3 37. Qxb4 Bh6 $19 (37... exd2 38. Qxd2 Qe4+ 39. Kh3 $17)) 33... d3 34. Na1 f5 $36 {[%mdl 2048] Black is really pushing. Really sharp!} 35. Qf3 $2 {[%mdl 8192] [#]} (35. Qg2 $17) 35... Bc3 $2 36. Nxc2 Bxd2 37. Nd4 $2 {[%mdl 8192]} (37. Nxb4 $1 $11 Bxc1 38. Nxd3) 37... Bxc1 $19 38. Rb3 (38. Ne6 $142 d2 39. Nxc7 d1=Q+ (39... d1=R+ $2 {loses.} 40. Kg2 $18) 40. Qxd1 Rxd1+ 41. Kg2) 38... d2 39. Rd3 Rd7 40. Qa8 Bb2 {(  ...Bxd4)} 41. Qe8 Bxd4 42. exd4 Re7 43. Qa4 Qc4 0-1